Ứng dụng các phần mềm trong giảng dạy hình ở trung học cơ sở

Nội dung gồm 3 chương: Định hướng đổi mới PPDH hình học ở THCS và giải pháp sử dụng phần mềm; Ứng dụng một số phần mềm trong giảng dạy hình học; Nghiên cứu thiết kế bài soạn hình học.

Tallennettuna:
Bibliografiset tiedot
Päätekijä: Nguyễn, Tuyết Thạch
Aineistotyyppi: Kirja
Kieli:Undetermined
Julkaistu: Hà Nội Giáo dục 2007
Aiheet:
Tagit: Lisää tagi
Ei tageja, Lisää ensimmäinen tagi!
Thư viện lưu trữ: Trung tâm Học liệu Trường Đại học Cần Thơ
LEADER 01047nam a2200217Ia 4500
001 CTU_128466
008 210402s9999 xx 000 0 und d
020 |c 22400 
082 |a 373.0285 
082 |b Th102 
100 |a Nguyễn, Tuyết Thạch 
245 0 |a Ứng dụng các phần mềm trong giảng dạy hình ở trung học cơ sở 
245 0 |c Nguyễn Tuyết Thạch (chủ biên) 
260 |a Hà Nội 
260 |b Giáo dục 
260 |c 2007 
520 |a Nội dung gồm 3 chương: Định hướng đổi mới PPDH hình học ở THCS và giải pháp sử dụng phần mềm; Ứng dụng một số phần mềm trong giảng dạy hình học; Nghiên cứu thiết kế bài soạn hình học. 
650 |a Geometry,Geometry,Hình học 
650 |x Data processing,Study and teaching ( secondary ),Học và giảng dạy bậc phổ thông 
904 |i Tuyến 
980 |a Trung tâm Học liệu Trường Đại học Cần Thơ